000 01027nam a2200265 i 4500
001 17782
003 ES-MaACL
005 20250808225842.0
007 t|
008 010528s1875 sp |||| | spa d
080 _a343.81
100 1 _aLastres y Juiz, Francisco,
_d1848-1918
_970504
245 1 0 _aEstudios sobre sistemas penitenciarios
_b: lecciones pronunciadas en el Ateneo de Madrid /
_cpor Francisco Lastres.
260 _aMadrid :
_bLibrería de A. Durán,
_c1875.
300 _a236 p. ;
_c20 cm.
500 _aRecoge 10 conferencias dadas en el Ateneo de Madrid en el curso 1874-75.
530 _aDisponible en formato digital.
610 2 4 _aAteneo de Madrid-
_vConferencias-
_yS.XIX.
_91910
650 7 _aEstablecimientos penitenciarios
_2embne
_912513
710 2 _aAteneo de Madrid.
_91875
852 _aES-MaACL
_jD-272
_hDonativo Lastres, 1907
856 _uhttps://bvpb.mcu.es/es/consulta/registro.do?id=577781
_zBiblioteca Virtual del Patrimonio Bibliográfico
942 _2udc
999 _c17782
_d17782